Stolice państw na litery G,H,I oraz J! - Statystyki

Ogólne statystyki
  • Ten quiz został rozwiązany 118 razy
  • Średni wynik to 15 z 26
Statystyki odpowiedzi
Hint Odpowiedź % Poprawnych
Hiszpania Madryt
97%
Holandia Amsterdam
94%
Irlandia Dublin
94%
Grecja Ateny
92%
Japonia Tokio
89%
Islandia Reykjavik
83%
Izrael Jerozolima
82%
Indie Nowe Delhi
81%
Iran Teheran
78%
Gruzja Tbilisi
74%
Indonezja Dżakarta
70%
Gwatemala Gwatemala
69%
Irak Bagdad
67%
Jamajka Kingston
63%
Jordania Amman
50%
Gwinea Bissau Bissau
45%
Jemen Sana
41%
Ghana Akra
39%
Haiti Port-au-Prince
38%
Gujana Georgetown
37%
Honduras Tegucigalpa
37%
Gwinea Konakry
30%
Gabon Libreville
25%
Gambia Bandżul
19%
Gwinea Równikowa Malabo
17%
Grenada Saint George’s
17%
Nie znaleziono quizów pasujących do podanych kryteriów
Rozkład punktacji
Procent ludzi z każdym wynikiem
Percentyl według liczby udzielonych odpowiedzi
Twoja historia wyników
Nie rozwiązałeś tego quizu